000 01121nam a22002777a 4500
005 20080905121451.0
008 110608t xxu||||| |||| 00| 0 hin d
010 _aHIN-92909
020 _c200.00
_a8188693421
035 _aHN-65255
037 _bDBAD / PUB
040 _aDPL
_bHN
082 _a
100 _928442
_aउन्नी, एन.
245 _aकबूतरों से भी खतरा है /
_cएन. उन्नी
246 _aKabootron se bhi khatra hai
_bby N. Unni
260 _aदिल्ली
_bमित्तल एंड संस
_c2010
270 _aसी-32, आर्यानगर सोसायटी
_bदिल्ली
_e110092
300 _a136पृ
_c22सेमी (सजिल्द)
650 _928443
_aलघु कथाएँ, हिन्दी
650 _928455
_aShort Stories, Hindi
700 _928521
700 _928536
942 _adpl
_cHN
_2ddc
_mउन्नीए
_h
999 _c52873
_d52873